| 000 | 00879nam a22002537a 4500 | ||
|---|---|---|---|
| 999 |
_c20504 _d20504 |
||
| 003 | AR-CdUCM | ||
| 008 | 190502b ||||| |||| 00| 0 spa d | ||
| 040 |
_aMUNICIPALIDAD PROVINCIAL DEL CUSCO _cBIBLIOTECA MUNICIPAL DEL CUSCO |
||
| 082 |
_a922 / _bAL47 |
||
| 100 |
_aAlva Orlandini, Hernan _935590 |
||
| 110 |
_aBiblioteca Hombres del Perú _936611 |
||
| 245 | _aS. Toribio de Mogrovejo / | ||
| 260 |
_aLima : _bUniversitaria, _c1964. |
||
| 300 |
_a95 páginas ; _c20 cm. _bDibujos de personajes, |
||
| 440 |
_a2 _910802 |
||
| 500 | _a[libro reempastado] | ||
| 505 | _aContenido; S. Toribio de Mogrovejo -- Ruben Vargas Ugarte S. J. -- San Francisco Zolano... | ||
| 650 |
_aHistoria eclesiástica _942856 |
||
| 650 |
_aArzobispo de Lima _942857 |
||
| 650 |
_aPerú en el siglo XVI _942858 |
||
| 700 |
_aBartra, Enrique T. _942859 |
||
| 942 |
_2ddc _cLIBROS |
||
| 945 | _aAndy | ||